| 000 | 00449nam a22001457a 4500 | ||
|---|---|---|---|
| 008 | 111004t xxu||||| |||| 00| 0 eng d | ||
| 020 | _a0871500965 9780871500960 | ||
| 050 | _aQA37.2. H3 | ||
| 100 | _a Hart, William Le Roy. | ||
| 245 |
_aMathematics for managerial and social sciences / _cWilliam, Le Roy Hart. |
||
| 260 |
_aBoston, _b Weber & Schmidt : _c1970. |
||
| 300 |
_axiv, 319 p.: _billus. _c24 cm |
||
| 650 | _aMathematics | ||
| 942 |
_2lcc _cBK |
||
| 999 |
_c153 _d7653 |
||